|
|
|
|
| LEADER |
00958nam a2200241 a 4500 |
| 001 |
00025185 |
| 008 |
120603s2010 enka 000 1 eng |
| 020 |
|
|
|a 9780194247115 (pbk.)
|
| 020 |
|
|
|a 9780194246750 (book and multiROM pack)
|
| 040 |
|
|
|a BD-DhAAL
|c BD-DhAAL
|
| 082 |
0 |
0 |
|a 428.6
|2 22
|
| 100 |
1 |
|
|a Escott, John.
|
| 245 |
1 |
0 |
|a Kidnap /
|c John Escott ; illustrated by Maya Gavin.
|
| 260 |
|
|
|a Oxford ;
|a New York :
|b Oxford University Press,
|c c2010.
|
| 300 |
|
|
|a 51 p. :
|b col. ill. ;
|c 21 cm.
|
| 490 |
0 |
|
|a Dominoes. Starter
|
| 541 |
|
|
|e 00025185
|
| 650 |
|
0 |
|a Kidnapping
|v Fiction.
|
| 650 |
|
0 |
|a Readers for new literates.
|
| 700 |
1 |
|
|a Gavin, Maya.
|
| 852 |
1 |
|
|a Ayesha Abed Library
|c General shelf.
|
| 999 |
|
|
|c 12330
|d 12330
|
| 952 |
|
|
|0 0
|1 0
|2 ddc
|4 0
|6 428_600000000000000_ESC
|7 0
|9 20380
|a BRACUL
|b BRACUL
|c GEN
|d 2012-06-04
|e Paragon Enterprise
|g 130.00
|l 9
|m 16
|o 428.6 ESC
|p 3010025185
|r 2026-01-18
|s 2025-12-29
|t 1
|w 2012-06-04
|y BK
|x Transferred from BIL to BRACUL on 06/06/22
|